000
00200 a2200097 4500
020
_a
0789911639
041
_a
spa
100
_a
Gary Chapman
245
_a
Los cinco lenguajes del lenguaje
942
_c
BK
999
_c
14358
_d
14358